El barrio de La Boca : La Boca del Riachuelo desde Pedro de Mendoza hasta las postrimerías del siglo XIX

Detalles Bibliográficos
Autor principal: Bucich, Antonio J.
Formato: Libro
Lenguaje:Espa�ol
Publicado: Buenos Aires : [Municipalidad], 1970
Edición:3a ed. corr. y aum
Colección:Cuadernos de Buenos Aires ; VII
Materias:
Etiquetas: Agregar Etiqueta
Sin Etiquetas, Sea el primero en etiquetar este registro!

MARC

LEADER 00000nam#a22000001ab4500
001 00013730
003 AR-BaUAD
005 20230908141402.0
008 950327s1970####ag#||||##||||||||#||spa|d
020 |a No posee 
040 |a AR-BaUAD  |b spa  |c AR-BaUAD 
041 |a spa 
044 |c ar  |2 ISO3166-1 
080 |a 711.522  |x (821.1) 
080 |a 711  |x (09)  |x (821.1) 
100 1 |a Bucich, Antonio J. 
245 1 3 |a El barrio de La Boca :  |b La Boca del Riachuelo desde Pedro de Mendoza hasta las postrimerías del siglo XIX 
250 |a 3a ed. corr. y aum 
260 |a Buenos Aires :  |b [Municipalidad],  |c 1970 
300 |a 89 p. :  |b láms. 
490 |a Cuadernos de Buenos Aires ;  |v VII 
500 |a En la port.: Antonio J. Bucich. 
504 |a Bibliografía: p. 89. 
653 |a HISTORIA 
653 |a URBANISMO 
653 |a BARRIOS 
653 |a BARRIOS PORTEÑOS 
653 |a LA BOCA 
653 |a BUENOS AIRES, CIUDAD 
653 |a ARGENTINA 
655 |a TEXTO 
852 |c 83-4/5 
952 |0 0  |1 0  |4 0  |6 8345  |7 0  |9 26152  |a AR-BaUAD  |b AR-BaUAD  |d 0000-00-00  |e donac. Municip. Bs. As.  |i p.6-143  |l 0  |o 83-4/5  |p 13igyp.6-143  |r 2023-09-08 14:14:02  |w 2023-09-08  |y BK 
952 |0 0  |1 0  |4 0  |7 0  |9 26153  |a AR-BaUAD  |b AR-BaUAD  |d 2023-09-08  |i p.6-144  |l 0  |p u5cz7p.6-144  |r 2023-09-08 14:14:02  |w 2023-09-08  |y BK 
952 |0 0  |1 0  |4 0  |7 0  |9 26154  |a AR-BaUAD  |b AR-BaUAD  |d 2023-09-08  |i p.6145  |l 0  |p k5p4lp.6145  |r 2023-09-08 14:14:02  |w 2023-09-08  |y BK 
952 |0 0  |1 0  |4 0  |7 0  |9 26155  |a AR-BaUAD  |b AR-BaUAD  |d 0000-00-00  |e donac. Munic. Bs. As.  |i p.19-536  |l 0  |p og2uzp.19-536  |r 2023-09-08 14:14:02  |w 2023-09-08  |y BK 
952 |0 0  |1 0  |4 0  |7 0  |9 26156  |a AR-BaUAD  |b AR-BaUAD  |d 2023-09-08  |i p.19-537  |l 0  |p rihy1p.19-537  |r 2023-09-08 14:14:02  |w 2023-09-08  |y BK 
952 |0 0  |1 0  |4 0  |7 0  |9 26157  |a AR-BaUAD  |b AR-BaUAD  |d 0000-00-00  |e reemplazo por extravío del ej. 2 de 13730 Alumna Tamara Martin  |g 30.00  |i 16683  |l 0  |p fo2r416683  |r 2023-09-08 14:14:02  |w 2023-09-08  |y BK 
990 |a Ej. No1 : p.6-143 . 22/6/1973 -- donac. Municip. Bs. As. -- (1,70 pesos).  |b ADM 
990 |a Ej. No2 : p.6-144 .  |b ADM 
990 |a Ej. No3 : p.6145 .  |b ADM 
990 |a Ej. No4 : p.19-536 . 3/10/1973 -- donac. Munic. Bs. As. -- (1,70 pesos).  |b ADM 
990 |a Ej. No5 : p.19-537 .  |b ADM 
990 |a Ej. No2 : 16683 . 29/5/2007 -- reemplazo por extravío del ej. 2 de 13730 Alumna Tamara Martin -- (30 pesos).  |b ADM 
990 |a U197  |b TD 
990 |a H197  |b TD 
990 |a AAQ00013730  |b CC 
998 |a AAQ  |b Bibun 76 
942 |c BK 
999 |c 11425  |d 11425